[Event "Mogliano Veneto op-B 34th"]
[Site "Mogliano Veneto"]
[Date "2013.04.28"]
[Round "6"]
[White "Bergamasco, Tommaso"]
[Black "Pezzolato, Michele"]
[Result "1/2-1/2"]
[WhiteElo "1680"]
[BlackElo "1845"]
[PlyCount "71"]
[EventDate "2013.04.25"]
[EventType "swiss"]
[EventRounds "6"]
[EventCountry "ITA"]
[SourceTitle "EXT 2015"]
[Source "ChessBase"]
[SourceDate "2014.11.20"]
[SourceVersion "1"]
[SourceVersionDate "2014.11.20"]
[SourceQuality "1"]

1. f4 b6 2. Nf3 Nf6 3. e3 e6 4. b3 Bb7 5. Bb2 Be7 6. Be2 d6 7. 0-0 Nbd7 8. c4 c5 9. Qc2 Qc7 10. d4 Ng4 11. Qd2 Rg8 12. Nc3 g5 13. Nxg5 Bxg5 14. Bxg4 Be7 15. Bf3 0-0-0 16. Nb5 Qb8 17. a4 cxd4 18. a5 a6 19. Nxd4 Nc5 20. Qc2 Bxf3 21. Rxf3 bxa5 22. Rxa5 Qb7 23. Ba3 Bf6 24. Rg3 Bxd4 25. exd4 Rxg3 26. hxg3 Nxb3 27. Rg5 Nxd4 28. Qa4 Nf5 29. Qc2 Ne3 30. Qa2 h6 31. Rh5 Rg8 32. Bxd6 Rxg3 33. Rc5+ Kd8 34. Qa5+ Ke8 35. Qa4+ Kd8 36. Qa5+ 1/2-1/2

[Event "Veneto Region-ch"]
[Site "Arqua Petrarca"]
[Date "2006.05.07"]
[Round "3"]
[White "Tegani, Andrea"]
[Black "Pezzolato, Michele"]
[Result "1-0"]
[WhiteElo "1398"]
[BlackElo "1945"]
[PlyCount "77"]
[EventDate "2006.05.06"]
[EventType "swiss"]
[EventRounds "6"]
[EventCountry "ITA"]
[SourceTitle "EXT 2011"]
[Source "ChessBase"]
[SourceDate "2010.11.26"]
[SourceVersion "1"]
[SourceVersionDate "2010.11.26"]
[SourceQuality "1"]

1. c4 Nf6 2. Nc3 d5 3. e3 Nc6 4. d4 g6 5. Nf3 Bg7 6. Bd3 e6 7. 0-0 0-0 8. b3 b6 9. Bb2 Nb4 10. Be2 Bb7 11. a3 Nc6 12. b4 dxc4 13. Bxc4 Ne7 14. Re1 Ned5 15. Nxd5 exd5 16. Bb3 Ne4 17. Bc2 Nd6 18. Nd2 f5 19. Rc1 f4 20. exf4 Rxf4 21. g3 Rf7 22. f4 Qd7 23. Nf3 Nc4 24. Rb1 Re8 25. Ne5 Nxb2 26. Rxb2 Bxe5 27. fxe5 Ba6 28. Bd3 Bxd3 29. Qxd3 Qg4 30. Rf1 Ref8 31. Rxf7 Rxf7 32. Rf2 Rxf2 33. Kxf2 Qh3 34. Kg1 c6 35. Qa6 Qd7 36. Qf1 Kg7 37. Qf6+ Kg8 38. e6 Qg7 39. Qd8+ 1-0

[Event "Pedavena op 1st"]
[Site "Pedavena"]
[Date "2005.08.04"]
[Round "2"]
[White "Ranfagni, Stefano"]
[Black "Pezzolato, Michele"]
[Result "1/2-1/2"]
[WhiteElo "1934"]
[BlackElo "1814"]
[PlyCount "99"]
[EventDate "2005.08.03"]
[EventType "swiss"]
[EventRounds "6"]
[EventCountry "ITA"]
[SourceTitle "EXT 2007"]
[Source "ChessBase"]
[SourceDate "2006.11.23"]
[SourceVersion "1"]
[SourceVersionDate "2006.11.23"]
[SourceQuality "1"]

1. e4 g6 2. d4 Bg7 3. Nf3 d6 4. h3 Nf6 5. Bd3 0-0 6. c3 Nbd7 7. 0-0 e5 8. Bg5 h6 9. Bh4 Re8 10. Nbd2 Nf8 11. dxe5 dxe5 12. Nc4 N8d7 13. Bc2 g5 14. Bg3 Nh5 15. Bh2 Nf4 16. Bxf4 exf4 17. Qe2 Ne5 18. Ncxe5 Bxe5 19. Rad1 Qf6 20. Rd5 c6 21. Rxe5 Rxe5 22. Nxe5 Qxe5 23. Qh5 Kg7 24. Qd1 Be6 25. a3 Qc7 26. Qd4+ f6 27. f3 c5 28. Qf2 Rd8 29. Qe2 Qe5 30. Rd1 Rxd1+ 31. Qxd1 Qc7 32. Qd3 Qd7 33. Kf2 Qxd3 34. Bxd3 c4 35. Bc2 h5 36. Ba4 Kf7 37. Bd1 Ke7 38. Ke1 Kd6 39. Kd2 h4 40. Kc2 f5 41. exf5 Bxf5+ 42. Kd2 Bd3 43. Be2 Bxe2 44. Kxe2 Kc5 45. Kd2 b5 46. Kc2 a5 47. Kb1 b4 48. axb4+ axb4 49. Kc2 Kb5 50. Kb1 1/2-1/2

[Event "Veneto-ch qf 65th"]
[Site "Arqua Petrarca"]
[Date "2005.05.08"]
[Round "2.11"]
[White "Pezzolato, Michele"]
[Black "Bonafede, Alessandro"]
[Result "0-1"]
[WhiteElo "1775"]
[BlackElo "2095"]
[PlyCount "71"]
[EventDate "2005.05.07"]
[EventType "swiss"]
[EventRounds "6"]
[EventCountry "ITA"]
[SourceTitle "EXT 2024"]
[Source "ChessBase"]
[SourceDate "2023.10.10"]
[SourceVersion "1"]
[SourceVersionDate "2023.10.10"]
[SourceQuality "1"]

1. e4 c5 2. Nc3 Nc6 3. g3 g6 4. Bg2 Bg7 5. f4 e6 6. Nf3 Nge7 7. 0-0 0-0 8. d3 Rb8 9. h3 b5 10. Kh2 d6 11. Ne2 a5 12. c3 Ba6 13. Be3 Qc7 14. Re1 b4 15. Qc2 a4 16. d4 a3 17. bxa3 bxc3 18. Qxc3 Qa7 19. e5 Nd5 20. Qd2 Bxe2 21. Rxe2 Nxe3 22. Rxe3 cxd4 23. Rd3 dxe5 24. fxe5 Nxe5 25. Nxe5 Bxe5 26. h4 Rfc8 27. h5 Rc3 28. hxg6 hxg6 29. Be4 Qxa3 30. Qg5 Rxd3 31. Qxe5 Qb2+ 32. Kh3 Rb5 33. Qf6 Rh5+ 34. Kg4 Qe2+ 35. Bf3 Rxf3 36. Qxf3 0-1

[Event "Padova op-A 5th"]
[Site "Padova"]
[Date "2002.12.15"]
[Round "3.25"]
[White "Pezzolato, Michele"]
[Black "Marson, Luca"]
[Result "1-0"]
[WhiteElo "1612"]
[BlackElo "1729"]
[PlyCount "35"]
[EventDate "2002.12.14"]
[EventType "swiss"]
[EventRounds "6"]
[EventCountry "ITA"]
[SourceTitle "EXT 2023"]
[Source "ChessBase"]
[SourceDate "2022.10.05"]
[SourceVersion "1"]
[SourceVersionDate "2022.10.05"]
[SourceQuality "1"]

1. e4 c5 2. Nf3 d6 3. Bb5+ Bd7 4. Bxd7+ Qxd7 5. 0-0 Nc6 6. d4 cxd4 7. Nxd4 Nf6 8. Nc3 e6 9. f4 e5 10. Nf5 exf4 11. Bxf4 Ne5 12. Qe2 Qc6 13. Rad1 a6 14. Nd5 Nxd5 15. Rxd5 Qc7 16. Rfd1 0-0-0 17. Bxe5 dxe5 18. Rxd8+ 1-0